000 00960nam0a2200289 4500
001 RU\NLR\bibl\1049862
005 20260406122939.0
010 _a5-17-017335-0
_bАСТ
010 _a5-9713-0845-9
_bАСТ МОСКВА
010 _a5-9762-2114-9
_93000
_bХранитель
021 _aRU
_b2006-88707
_94493
035 _a(NLR Aleph) 001037190
090 _a795771
_c795771
100 _a20070222d2007 |||y0rusy50 ca
101 1 _arus
_ceng
102 _aRU
105 _ay |||||||||
200 1 _aНевольница любви
_e[роман]
_fБертрис Смолл
_g[пер. с англ. Т.А. Перцевой]
210 _aМосква
_cАСТ [и др.]
_d2007
215 _a350 с.
_d17
225 1 _aМини Шарм
700 1 _4070
_7ca
_8rus
_aСмолл
_bБ.
_f1937-2015
_gБертрис
_3RU\NLR\AUTH\77816
_9110856
801 0 _aRU
_bNLR
_c20070222
_gRCR
801 1 _aRU
_bNLR
_c20070222
942 _cBOOK
980 _aNB